Vývoj organizace výroby nábytku v ČSR po znárodění

Bibliographic Details
Main Authors: Kubátová, Eva (Author), Drápela, Jindřich (Author)
Format: Article
Language:Czech
Subjects:

MARC

LEADER 00000nab a2200000 a 4500
001 vtls000231566
003 SK-MaSNL
005 20260302212515.0
008 160201c1985 xo 0 cze
015 |a SNBRB19rr/mm-uuuuu 
035 |a CL0241680 
040 |a SNKBUCL  |b slo  |c SNKBUCL  |e AACR2 
041 0 |a cze 
044 |a xo  |c SK 
080 |a 684.4  |2 1981 
100 1 |a Kubátová, Eva  |4 aut  |9 937257 
245 1 0 |a Vývoj organizace výroby nábytku v ČSR po znárodění  |c Eva Kubátová, Jindřich Drápela 
300 |b Obr. 3. Tb. 3., lit. 3 zázn. v češ. 
650 0 7 |a nábytkársky priemysel  |2 snkbucl  |9 72681 
655 7 |a články z novín a časopisov  |2 snkbucl  |9 267496 
700 1 |a Drápela, Jindřich  |4 aut  |9 361322 
773 0 |t Drevo  |g Roč. 40, č. 10 (1985), s. 290-293 
850 |a Slovenská národná knižnica v Martine  |a MTA001 
852 |a SNK  |b KIS3GCP 
958 |a RK 
958 |a CZ 
992 |a RBX 
999 |c 1489521  |d 1491451